| Tag |
First Indicator |
Second Indicator |
Subfields |
| LEADER |
00000cam a22000008a 4500 |
| 001 |
in00001222821 |
| 005 |
20151003052953.0 |
| 008 |
941102s1994 inu 001 0 eng |
| 010 |
|
|
|a 94042918
|
| 020 |
|
|
|a 1562052918
|
| 035 |
|
|
|a (OCoLC)31514687
|
| 035 |
|
|
|9 AGR7758AM
|
| 040 |
|
|
|a DLC
|c DLC
|d TXA
|d UtOrBLW
|
| 049 |
|
|
|a TXAM
|
| 050 |
0 |
0 |
|a TK5105.7
|b .B54 1994
|
| 082 |
0 |
0 |
|a 004.6/8
|2 20
|
| 100 |
1 |
|
|a Bierer, Doug.
|
| 245 |
1 |
0 |
|a Inside NetWare 4.1 /
|c Doug Bierer.
|
| 263 |
|
|
|a 9412
|
| 264 |
|
1 |
|a Indianapolis, Ind. :
|b New Riders Pub.,
|c 1994.
|
| 300 |
|
|
|a 1532 pages :
|b illustrations
|
| 336 |
|
|
|a text
|b txt
|2 rdacontent
|
| 337 |
|
|
|a unmediated
|b n
|2 rdamedia
|
| 338 |
|
|
|a volume
|b nc
|2 rdacarrier
|
| 500 |
|
|
|a Includes index.
|
| 630 |
0 |
0 |
|a NetWare.
|
| 650 |
|
0 |
|a Local area networks (Computer networks)
|
| 650 |
|
0 |
|a Operating systems (Computers)
|
| 999 |
|
|
|a MARS
|
| 999 |
f |
f |
|s 0e01fc30-ddbd-33fa-94dd-50c97f7bd0bd
|i b976d37f-16a1-3965-9dbc-76911659c808
|t 0
|
| 952 |
f |
f |
|p ric
|a Texas A&M University
|b Rellis Campus
|c Joint Library Facility
|d Remote Storage
|t 0
|e TK5105.7 .B54 1994
|h Library of Congress classification
|i unmediated -- volume
|m A14818914040
|
| 998 |
f |
f |
|a TK5105.7 .B54 1994
|t 0
|l Remote Storage
|